Amor contra odio / (Record no. 102387)

MARC details
000 -LEADER
campo de control de longitud fija 00681nam a2200205 i 4500
001 - NÚMERO DE CONTROL
campo de control 102387
003 - IDENTIFICADOR DE NÚMERO DE CONTROL
campo de control ES-MaACL
005 - FECHA Y HORA DE LA ÚLTIMA TRANSACCIÓN
campo de control 20230906183111.0
007 - CAMPO FIJO DE DESCRIPCIÓN FÍSICA--INFORMACIÓN GENERAL
campo de control de longitud fija t|
008 - DATOS DE LONGITUD FIJA--INFORMACIÓN GENERAL
campo de control de longitud fija 051110s1951 ag ||||1| spa d
100 1# - ENTRADA PRINCIPAL--NOMBRE DE PERSONA
Nombre de persona Menninger, Karl.
9 (RLIN) 80371
245 10 - MENCIÓN DEL TÍTULO
Título Amor contra odio /
Mención de responsabilidad, etc. Karl Menninger; con la colaboración de Jeanetta Lyle Menninger; [traducción directa por el Dr. Jaime Tomás].
260 ## - PUBLICACIÓN, DISTRIBUCIÓN, ETC.
Lugar de publicación, distribución, etc. Buenos Aires :
Nombre del editor, distribuidor, etc. Edit. Nova,
Fecha de publicación, distribución, etc. 1951.
300 ## - DESCRIPCIÓN FÍSICA
Extensión 335 p. ;
Dimensiones 21 cm.
490 1# - MENCIÓN DE SERIE
Mención de serie El árbol de la ciencia
700 1# - ENTRADA AGREGADA--NOMBRE PERSONAL
Nombre de persona Menninger, Jeanetta Lyle.
9 (RLIN) 80370
830 0# - PUNTO DE ACCESO ADICIONAL DE SERIE-TÍTULO UNIFORME
Título uniforme El árbol de la ciencia
9 (RLIN) 184635
852 ## - LOCALIZACIÓN
Ubicación ES-MaACL
Número de control de estantería D-7840
Sublocalización o colección R.31709
Holdings
Estatus retirado Estado de pérdida Estado de daño No para préstamo Biblioteca de origen Biblioteca actual Ubicación en estantería Fecha de adquisición Fuente de adquisición Total de préstamos Signatura topográfica completa Código de barras Visto por última vez Precio de reemplazo Tipo de ítem Koha
        Biblioteca del Ateneo de Madrid Biblioteca del Ateneo de Madrid Sala Valle Inclán 17/01/2008     D-7840 901106880 23/02/2023 23/02/2023 Libro impreso